Encaje de bolillo y blondas en la ciudad de Almagro (Record no. 60634)

MARC details
000 -LEADER
campo de control de longitud fija 00610nam a2200193 i 4500
001 - NÚMERO DE CONTROL
campo de control 60634
003 - IDENTIFICADOR DE NÚMERO DE CONTROL
campo de control ES-MaACL
007 - CAMPO FIJO DE DESCRIPCIÓN FÍSICA--INFORMACIÓN GENERAL
campo de control de longitud fija t|
008 - DATOS DE LONGITUD FIJA--INFORMACIÓN GENERAL
campo de control de longitud fija 031105s1984 sp ||||1| spa d
020 ## - NÚMERO INTERNACIONAL ESTÁNDAR DEL LIBRO
Número Internacional Estándar del Libro 84-505-0712-X
100 1# - ENTRADA PRINCIPAL--NOMBRE DE PERSONA
Nombre de persona Espinosa, Manolita.
9 (RLIN) 47890
245 10 - MENCIÓN DEL TÍTULO
Título Encaje de bolillo y blondas en la ciudad de Almagro
Resto del título : (breve estudio) /
Mención de responsabilidad, etc. Manolita Espinosa.
260 ## - PUBLICACIÓN, DISTRIBUCIÓN, ETC.
Lugar de publicación, distribución, etc. Ciudad Real :
Nombre del editor, distribuidor, etc. Museo de Ciudad Real,
Fecha de publicación, distribución, etc. 1984.
300 ## - DESCRIPCIÓN FÍSICA
Extensión 57 p., 10 lám. ;
Dimensiones 28 cm.
490 1# - MENCIÓN DE SERIE
Mención de serie Estudios y monografias
830 0# - PUNTO DE ACCESO ADICIONAL DE SERIE-TÍTULO UNIFORME
Título uniforme Estudios y monografias
9 (RLIN) 184517
852 ## - LOCALIZACIÓN
Ubicación ES-MaACL
Número de control de estantería L-8669
Sublocalización o colección R.107893
Holdings
Estatus retirado Estado de pérdida Estado de daño No para préstamo Biblioteca de origen Biblioteca actual Ubicación en estantería Fecha de adquisición Fuente de adquisición Total de préstamos Signatura topográfica completa Código de barras Visto por última vez Precio de reemplazo Tipo de ítem Koha
        Biblioteca del Ateneo de Madrid Biblioteca del Ateneo de Madrid Depósito 2 17/01/2008     L-8669 1063591 23/02/2023 23/02/2023 Libro impreso